35_山口県の市町村(ひらがな対応・五十音順) - Statistics

General Stats
  • This quiz has been taken 22 times
  • The average score is 18 of 19
Answer Stats
種類 市町村名 % Correct
岩国市
100%
宇部市
100%
下松市
100%
下関市
100%
光市
100%
防府市
100%
山口市
100%
山陽小野田市
95%
周南市
95%
萩市
95%
美祢市
95%
柳井市
95%
和木町
95%
阿武町
89%
長門市
89%
周防大島町
84%
上関町
79%
田布施町
79%
平生町
74%
No matching quizzes found
Score Distribution
Percent of People with Each Score
Percentile by Number Answered
Your Score History
You have not taken this quiz